2000s Cars Sudden Death - Statistics

General Stats
  • This quiz has been taken 35 times
  • The average score is 2 of 13
Answers on the Grid
Answers color-coded by a green-red scale on the quiz's grid according to % correct below.
BMW I3
BMW IX
Cadillac Escalade
Chevrolet Bolt
Chrysler Pacifica
Dodge Durango
Fisker Karma
Ford Maverick
Geo Prizm
Honda Element
Honda Fit
Hyundai Genesis
Hyundai Palisade
Hyundai Santa Fe
Kia Forte
Kia K5
Kia Spectra
Mitsubishi Eclipse
Nissan Leaf
Nissan Z
Plymouth Prowler
Pontiac Aztek
Porsche Cayenne
Porsche Macan
Saab 9-3
Saab 9-4x
Saab 9-7x
Saturn Aura
Saturn Sky
Tesla Roadster
 
Answer Stats
Answer % Correct
Chrysler Pacifica
25%
Honda Fit
25%
Honda Element
20%
Tesla Roadster
20%
Saturn Aura
15%
Saturn Sky
15%
Hyundai Genesis
10%
Hyundai Santa Fe
10%
Kia Forte
10%
Pontiac Aztek
10%
Porsche Cayenne
10%
Saab 9-7x
10%
Kia Spectra
5%
No matching quizzes found
Score Distribution
Percent of People with Each Score
Percentile by Number Answered
Your Score History
You have not taken this quiz